| 000 | 00759nam a2200157Ia 4500 | ||
|---|---|---|---|
| 008 | 161024 000 0 eng d | ||
| 020 | _a801811848 | ||
| 040 | _aNG-ZaABU | ||
| 050 | _aHG 4538 | ||
| 245 | 0 |
_aForeign investment in the petroleum and mineral industry: _bcase studies of investor-host country relations/ _cby Raymond F. Mikesell [et-al] |
|
| 260 |
_aBaltimore: _bJohn Hopkins Press, _c1971 |
||
| 300 | _axvii, 459p.:ill. | ||
| 500 | _aIncludes index | ||
| 700 | _aMikesell, Raymond F.;Bartsch, William H.;Behrman, Jack N.;Church, Phillp E.;Edwards, Gertrud G.;Gomez, Henry;Harris, William G.;Mamalaski, Markos;Wells, Donald A.;Wionczek, Miguel S.;Zinser, James E. | ||
| 999 |
_c76736 _d76736 |
||